Cereal Brand with Picture Association - Statistics

General Stats
  • This quiz has been taken 73 times
  • The average score is 8 of 12
Answer Stats
Picture Answer % Correct
Frosted Flakes
84%
Lucky Charms
79%
Cheerios
77%
Froot Loops
77%
Cinnamon Toast Crunch
74%
Rice Krispies
74%
Raisin Bran
69%
Captain Crunch
66%
Corn Flakes
59%
Honeycomb
56%
Corn Pops
34%
Cocoa Puffs
33%
No matching quizzes found
Score Distribution
Percent of People with Each Score
Percentile by Number Answered
Your Score History
You have not taken this quiz